000 00849nam a22002057a 4500
003 AM-YeHGA
005 20250617154011.0
008 180410s xxu||||| |||| 00| 0 rus d
040 _aAM-YeHGA
041 0 _arus
100 1 _aРыбаков, Аркадий Андреевич
245 1 0 _aПромышленное плодоводство Узбекской ССР /
_cА.А. Рыбаков; Плодоягодный ин-т им. акад. Р.Р. Шредера.
260 _aТашкент :
_bИзд-во Акад. наук УзССР,
_c1954.
300 _a596 с. :
_bил.
653 0 _aПлодоводство - Узбек. ССР
653 0 _aЯгодоводство - Узбек. ССР
710 2 _aПлодоягодный институт им. акад. Р.Р. Шредера
942 _2udc
_cBK
090 _c404785
999 _c402570
_d402570